Clubs pro par région : Bretagne et Pays de la Loire - Statistiques

Statistiques générales
  • Ce quiz a été pris 141 fois
  • Le résultat moyen est 9 sur 11
Statistiques - réponses
Région Dernière année Club % Correct
Bretagne 2024 Stade rennais
99%
Bretagne 2024 FC Lorient
98%
Pays de la Loire 2024 FC Nantes
98%
Bretagne 2024 Stade brestois
98%
Bretagne 2024 En Avant Guingamp
93%
Pays de la Loire 2024 Angers SCO
85%
Bretagne 2011 Vannes OC
84%
Bretagne 2024 US Concarneau
73%
Pays de la Loire 2020 Le Mans FC
70%
Pays de la Loire 2024 Stade lavallois
68%
Bretagne 1997 Stade briochin
66%
Aucun quiz correspondant
Distribution des résultats
% des personnes avec chaque résultat
Percentile par nombre de réponses
Votre historique - résultats
Vous n’avez pas pris ce quiz